MARC details
| 000 -CABECERA |
| campo de control de longitud fija |
02309nab a2200313 a 4500 |
| 005 - FECHA Y HORA DE LA ÚLTIMA TRANSACCIÓN |
| campo de control |
20250909132656.0 |
| 008 - ELEMENTOS DE LONGITUD FIJA--INFORMACIÓN GENERAL |
| campo de control de longitud fija |
991125c2015 sp tr p o 000 0 spa d |
| 035 ## - NÚMERO DE CONTROL DEL SISTEMA |
| Número de control de sistema |
UPN01000207830 |
| 040 ## - FUENTE DE LA CATALOGACIÓN |
| Centro catalogador/agencia de origen |
MX-MxUPN |
| Lengua de catalogación |
spa |
| Centro/agencia transcriptor |
MX-MxUPN |
| Normas de descripción |
aacr2 |
| 049 ## - COLECCIÓN |
| Colección |
ART-E |
| 100 1# - ASIENTO PRINCIPAL--NOMBRE PERSONAL |
| Nombre de persona |
Herrera Gutiérrez, Eva |
| 100 1# - ASIENTO PRINCIPAL--NOMBRE PERSONAL |
| Filiación |
evahg@um.es |
| 100 1# - ASIENTO PRINCIPAL--NOMBRE PERSONAL |
| Nombre de persona |
Olmos Soria, Marina |
| 100 1# - ASIENTO PRINCIPAL--NOMBRE PERSONAL |
| Nombre de persona |
Brocal Pérez, David |
| 245 10 - MENCIÓN DE TÍTULO |
| Título |
Efectos psicológicos de la práctica del Método Pilates en una muestra universitaria |
| 506 0# - NOTA DE RESTRICCIONES AL ACCESO |
| Limitaciones de acceso |
Acceso abierto |
| 520 3# - NOTA DE RESUMEN, ETC. |
| Sumario, etc. |
El propósito general de esta investigación fue comprobar los posibles efectos psicológicos de la práctica del Método Pilates y, en particular, las consecuencias sobre el grado de ansiedad experimentado. Éste es un método de entrenamiento físico enfocado a la mejora de la higiene postural y del bienestar psicológico, altamente recomendado en la actualidad por los profesionales sanitarios, tanto para personas con patologías diagnosticadas como con fines preventivos. Hasta el momento se han comprobado los beneficios físicos y psicológicos asociados a la práctica regular de actividad física. Sin embargo, se han realizado pocos estudios sobre los efectos concretos del Método Pilates. En el presente trabajo se examinó la ansiedad (estado y rasgo) en un grupo sedentario y otro grupo practicante habitual de este método (estudiantes, personal y usuarios de las instalaciones deportivas de la Universidad de Murcia, España). Para evaluar la ansiedad se utilizó el Cuestionario de Ansiedad Estado - Rasgo (STAI ) de Spielberger, Gorsuch y Lushene (2002). Se discuten las repercusiones que los resultados de este trabajo pueden tener en la promoción de la salud en el ámbito universitario y su contribución a la salud pública. |
| 650 #2 - ASIENTO SECUNDARIO DE MATERIA - TERMINO TEMATICO |
| Término de materia o nombre geográfico como elemento de entrada |
Promoción de la salud |
| 9 (RLIN) |
17445 |
| 650 #2 - ASIENTO SECUNDARIO DE MATERIA - TERMINO TEMATICO |
| Término de materia o nombre geográfico como elemento de entrada |
Pilates |
| 9 (RLIN) |
18320 |
| 650 #2 - ASIENTO SECUNDARIO DE MATERIA - TERMINO TEMATICO |
| Término de materia o nombre geográfico como elemento de entrada |
Ejercicio |
| 9 (RLIN) |
19522 |
| 650 #0 - ASIENTO SECUNDARIO DE MATERIA - TERMINO TEMATICO |
| Término de materia o nombre geográfico como elemento de entrada |
Estudiantes universitarios |
| 9 (RLIN) |
9298 |
| 650 #7 - ASIENTO SECUNDARIO DE MATERIA - TERMINO TEMATICO |
| Término de materia o nombre geográfico como elemento de entrada |
Ansiedad |
| 9 (RLIN) |
4750 |
| 773 ## - ENLACE AL DOCUMENTO FUENTE/ENTRADA DE REGISTRO ANFITRIÓN |
| Parte(s) relacionada(s) |
Vol. 31, no. 3 (2015), p. 916-920 |
| Título |
Anales de psicología = Annals of psychology |
| Número Internacional Normalizado para Publicaciones Seriadas |
1695-2294 |
| 856 4# - LOCALIZACIÓN Y ACCESO ELECTRÓNICOS |
| Identificador Uniforme del Recurso |
<a href="https://revistas.um.es/analesps/article/view/analesps.31.3.170101">https://revistas.um.es/analesps/article/view/analesps.31.3.170101</a> |
| 856 4# - LOCALIZACIÓN Y ACCESO ELECTRÓNICOS |
| Identificador Uniforme del Recurso |
<a href="https://doi.org/10.6018/analesps.31.3.170101">https://doi.org/10.6018/analesps.31.3.170101</a> |
| 902 ## - ELEMENTOS DE DATOS B LOCAL, LDB (RLIN) |
| Creó |
Gloria Jiménez/090925 |
| 905 ## - TIPO DE MATERIAL |
| Tipo de material |
Articulo |
| 942 ## - ELEMENTOS DE PUNTO DE ACCESO ADICIONAL (KOHA) |
| Tipo de ítem Koha |
Artículo Electrónico |